000 02184nam1a2200313 i 4500
001 RU\NLR\bibl\413951
005 20260405092648.0
035 _a(NLR Aleph) 000407986
090 _a616929
_c616929
100 _a20030630g20029999u y0rusy50 ca
101 0 _arus
102 _aRU
105 _a||||j |||||
200 1 _aГосударственное регулирование. Законодательная база и основные направления ее совершенствования в условиях структурной реформы на железнодорожном транспорте
_eУчеб. пособие для студентов специальностей "Менеджмент организации" и "Упр. персоналом"
_fВ.А. Козырев, А.Г. Кузнецов, С.В. Палкин
_gМ-во путей сообщ. Рос. Федерации, Моск. гос. ун-т путей сообщ. (МИИТ), Каф. "Менеджмент"
210 _aМ.
_cМИИТ
_d2002
215 _d21
463 0 _1001406496
606 0 _aЖелезнодорожный транспорт
_jРуководства, пособия и т.п.
_xПравовое регулирование
_yРоссийская Федерация
_92139389
_3RU\NLR\auth\661289647
606 0 _aЖелезнодорожный транспорт
_jУчебные издания для высших учебных заведений
_xПравовое регулирование
_yРоссийская Федерация
_92139389
_3RU\NLR\auth\661289647
686 _aХ621.145.2я73
700 1 _aКозырев
_bВ. А.
_gВалентин Александрович
_4070
701 1 _aКузнецов
_bА. Г.
_gАлексей Георгиевич
_4070
701 1 _4070
_8rus
_7ca
_aПалкин
_bС.В.
_gСергей Валентинович
_3RU\NLR\auth\7733719
_916727
801 0 _aRU
_bNLR
_c20030630
_gPSBO
801 1 _aRU
_bNLR
_c20030630
852 _aNLR
_j2003-4/10525
942 _cBOOK